000 00608nam a2200229 a 4500
999 _c5905
_d5905
001 5905
003 BD-JhCC
005 20171230175359.0
008 171230s19752006e a|||| || | 001 0 eng d
035 _a(BD-JhCC)5905
040 _aBD-JhCC
_dBD-JhCC
041 _aeng
082 _a612
_bMUR 2006
100 _aDon, Mackean
245 _aIntroduction to Human and Social Biology /
_cMackean Don and Brain Jones
260 _aLondon :
_bJohn Murray Publishers Ltd,
_c2006.
300 _a338 p. :
_c25 cm.
650 _aHuman Physiology
700 _aJones, Brain
942 _2ddc
_cBK